Gestión integral de residuos sólidos

Saved in:
Bibliografiske detaljer
Main Authors: Tchobanoglous, George (Author), Theisen, Hilary (Author), Vigil, Samuel (Author)
Format: Bog
Sprog:spansk
Udgivet: Madrid McGraw-Hill 1994
Fag:
Online adgang:Disponible Online - vol.1
Disponible Online - vol.2
Tags: Tilføj Tag
Ingen Tags, Vær først til at tagge denne postø!

MARC

LEADER 00000nam a2200000 a 4500
001 UCY4983
003 CL-VaPUC
005 20220110100906.0
008 950407e19940000SP |||||||||||||||||spa|d
999 |c 232723  |d 232721 
020 |a 8448117662 
020 |a 8448117654v.2 
040 |c Pontificia Universidad Católica de Valparaíso 
082 0 4 |a 628.44  |b TCH  |2 21 
100 0 |a Tchobanoglous, George  |e author  |9 333540 
245 1 0 |a Gestión integral de residuos sólidos 
260 |a Madrid  |b McGraw-Hill  |c 1994 
300 |a 2 v 
583 |a last modification  |c 19950407 00:00:00  |k Rodrigo Vera 
650 0 |a Basuras y aprovechamiento de basuras  |2 CL-VaPUC  |9 269616 
650 0 |a Conversión de residuos  |2 CL-VaPUC  |9 269618 
700 0 |a Theisen, Hilary  |e author  |9 333541 
700 0 |a Vigil, Samuel  |e author  |9 333542 
856 |u http://bibliografiadigital.pucv.cl/index.php/bibliotecapucv/catalog/book/871  |y Disponible Online - vol.1  
856 |u http://bibliografiadigital.pucv.cl/index.php/bibliotecapucv/catalog/book/875  |y Disponible Online - vol.2 
942 |c BK  |2 ddc 
945 |d 19950407 00:00:00  |a mfernand 
952 |0 0  |1 0  |4 0  |6 628_440000000000000_TCH_1994  |7 0  |8 A  |9 237551  |a BIBMEC  |b BIBMEC  |d 2019-11-15  |h v.1  |i 3075044  |o 628.44 TCH 1994  |p 3075044  |r 2024-01-19  |w 2019-11-15  |y BK  |k MEC 
952 |0 0  |1 0  |4 0  |6 628_440000000000000_TCH_1994  |7 0  |8 A  |9 237552  |a BIBMEC  |b BIBMEC  |d 2019-11-15  |h v.2  |i 3075052  |o 628.44 TCH 1994  |p 3075052  |r 2024-01-19  |w 2019-11-15  |y BK  |k MEC 
952 |0 0  |1 0  |4 0  |6 628_440000000000000_TCH_1994  |7 0  |8 A  |9 237553  |a BIBING  |b BIBING  |d 2019-11-15  |h v.1  |i 3137422  |o 628.44 TCH 1994  |p 3137422  |r 2025-01-20  |w 2019-11-15  |y BK  |k CCL 
952 |0 0  |1 0  |4 0  |6 628_440000000000000_TCH_1994  |7 0  |8 A  |9 237554  |a BIBING  |b BIBING  |d 2019-11-15  |h v.2  |i 3137430  |o 628.44 TCH 1994  |p 3137430  |r 2025-01-20  |w 2019-11-15  |y BK  |k CCL 
952 |0 0  |1 0  |4 0  |6 628_440000000000000_TCH_1994  |7 0  |8 A  |9 237555  |a BIBING  |b BIBING  |d 2019-11-15  |h v.1  |i 3268128  |o 628.44 TCH 1994  |p 3268128  |r 2023-03-02  |w 2019-11-15  |y BK  |k CCL 
952 |0 0  |1 0  |4 0  |6 628_440000000000000_TCH_1994  |7 0  |8 A  |9 237556  |a BIBING  |b BIBING  |d 2019-11-15  |h v.2  |i 3268136  |o 628.44 TCH 1994  |p 3268136  |r 2025-01-20  |w 2019-11-15  |y BK  |k CCL 
952 |0 0  |1 0  |4 0  |6 628_440000000000000_TCH_1994  |7 0  |8 A  |9 237557  |a BIBING  |b BIBING  |d 2019-11-15  |h v.1  |i 3351858  |o 628.44 TCH 1994  |p 3351858  |r 2025-01-20  |w 2019-11-15  |y BK  |k CCL 
952 |0 0  |1 0  |4 0  |6 628_440000000000000_TCH_1994  |7 0  |8 A  |9 237558  |a BIBING  |b BIBING  |d 2019-11-15  |h v.2  |i 3351866  |o 628.44 TCH 1994  |p 3351866  |r 2025-01-20  |w 2019-11-15  |y BK  |k CCL 
952 |0 0  |1 0  |4 0  |6 628_440000000000000_TCH_1994  |7 0  |8 A  |9 237559  |a BIBING  |b BIBING  |d 2019-11-15  |h v.1  |i 3537862  |o 628.44 TCH 1994  |p 3537862  |r 2025-01-20  |w 2019-11-15  |y BK  |k ING 
952 |0 0  |1 0  |4 0  |6 628_440000000000000_TCH_1994  |7 0  |8 A  |9 237560  |a BIBING  |b BIBING  |d 2019-11-15  |h v.2  |i 3537870  |o 628.44 TCH 1994  |p 3537870  |r 2025-01-20  |w 2019-11-15  |y BK  |k ING 
952 |0 0  |1 0  |4 0  |6 628_440000000000000_TCH_1994  |7 0  |8 A  |9 237561  |a BIBING  |b BIBING  |d 2019-11-15  |h v.1  |i 3588432  |o 628.44 TCH 1994  |p 3588432  |r 2025-01-20  |w 2019-11-15  |y BK  |k CCL 
952 |0 0  |1 0  |4 0  |6 628_440000000000000_TCH_1994  |7 0  |8 A  |9 237562  |a BIBING  |b BIBING  |d 2019-11-15  |h v.2  |i 3588688  |o 628.44 TCH 1994  |p 3588688  |r 2023-03-02  |w 2019-11-15  |y BK  |k CCL 
952 |0 0  |1 0  |4 0  |6 628_440000000000000_TCH_1994  |7 0  |8 A  |9 237563  |a BIBING  |b BIBING  |d 2019-11-15  |h v.1  |i 3614913  |l 1  |o 628.44 TCH 1994  |p 3614913  |r 2025-01-20  |s 2024-06-11  |w 2019-11-15  |y BK  |k ING 
952 |0 0  |1 0  |4 0  |6 628_440000000000000_TCH_1994  |7 0  |8 A  |9 237564  |a BIBING  |b BIBING  |d 2019-11-15  |h v.2  |i 3614921  |o 628.44 TCH 1994  |p 3614921  |r 2025-01-20  |w 2019-11-15  |y BK  |k ING 
952 |0 0  |1 0  |4 0  |6 628_440000000000000_TCH_1994  |7 0  |8 A  |9 237565  |a BIBING  |b BIBING  |d 2019-11-15  |h v.1  |i 3783642  |o 628.44 TCH 1994  |p 3783642  |r 2023-03-02  |w 2019-11-15  |y BK  |k EIB 
952 |0 0  |1 0  |4 0  |6 628_440000000000000_TCH_1994  |7 0  |8 A  |9 237566  |a BIBING  |b BIBING  |d 2019-11-15  |h v.1  |i 3783650  |o 628.44 TCH 1994  |p 3783650  |r 2025-01-20  |w 2019-11-15  |y BK  |k EIB 
952 |0 0  |1 0  |4 0  |6 628_440000000000000_TCH_1994  |7 0  |8 A  |9 237567  |a BIBING  |b BIBING  |d 2019-11-15  |h v.2  |i 3783669  |o 628.44 TCH 1994  |p 3783669  |r 2025-01-20  |w 2019-11-15  |y BK  |k EIB 
952 |0 0  |1 0  |4 0  |6 628_440000000000000_TCH_1994  |7 0  |8 A  |9 237568  |a BIBING  |b BIBING  |d 2019-11-15  |h v.1  |i 3882403  |o 628.44 TCH 1994  |p 3882403  |r 2025-01-20  |w 2019-11-15  |y BK  |k CCL 
952 |0 0  |1 0  |4 0  |6 628_440000000000000_TCH_1994  |7 0  |8 A  |9 237569  |a BIBING  |b BIBING  |d 2019-11-15  |h v.2  |i 3882411  |o 628.44 TCH 1994  |p 3882411  |r 2025-01-20  |w 2019-11-15  |y BK  |k CCL 
952 |0 0  |1 0  |4 0  |6 628_440000000000000_TCH_1994  |7 0  |8 A  |9 237570  |a BIBING  |b BIBING  |d 2019-11-15  |h v.2  |i 4115023  |l 1  |o 628.44 TCH 1994  |p 4115023  |r 2025-01-20  |s 2024-06-11  |w 2019-11-15  |y BK  |k EIB